[Event "Ambelokipi op 104th"]
[Site "Athens"]
[Date "2010.04.17"]
[Round "3"]
[White "Bairaktari, Maria"]
[Black "Zambrakos, Efthimios"]
[Result "1/2-1/2"]
[WhiteElo "1564"]
[BlackElo "1881"]
[PlyCount "119"]
[EventDate "2010.04.10"]
[EventType "swiss"]
[EventRounds "7"]
[EventCountry "GRE"]
[SourceTitle "EXT 2024"]
[Source "ChessBase"]
[SourceDate "2023.10.10"]
[SourceVersion "1"]
[SourceVersionDate "2023.10.10"]
[SourceQuality "1"]

1. e4 c6 2. d4 d6 3. Nc3 b5 4. a3 Qc7 5. Bd3 e5 6. d5 a6 7. dxc6 Qxc6 8. Nge2 Nd7 9. Ng3 Ngf6 10. Qf3 Nc5 11. 0-0 Be6 12. h3 h6 13. Re1 Nxd3 14. cxd3 Nd7 15. Be3 g6 16. Rac1 Qb7 17. Nf1 Bg7 18. Nh2 0-0 19. Bd2 f5 20. exf5 Qxf3 21. Nxf3 gxf5 22. Ne2 Nc5 23. Rf1 Nxd3 24. Rc6 Nxb2 25. Rxd6 Bc4 26. Re1 Nd3 27. Rb1 Rfd8 28. Rxd8+ Rxd8 29. Ng3 e4 30. Nh4 Nxf2 31. Bxh6 Bxh6 32. Nhxf5 Bf4 33. Kxf2 Rd2+ 34. Kg1 e3 35. Re1 e2 36. Kf2 Bd3 37. Nd4 Bxg3+ 38. Kxg3 Rd1 39. Kf2 Bc4 40. Nxe2 Rd2 41. g4 Ra2 42. h4 Rxa3 43. Nd4 b4 44. Nf5 b3 45. Re8+ Kf7 46. Nd6+ Kg7 47. Nxc4 Ra2+ 48. Re2 a5 49. Ke1 Ra4 50. Ne5 Ra1+ 51. Kf2 a4 52. Nc4 Kf8 53. h5 a3 54. h6 Ra2 55. Nxa3 Rxa3 56. h7 Kg7 57. Re7+ Kh8 58. Rb7 Ra2+ 59. Ke1 b2 60. Kd1 1/2-1/2

[Event "Ambelokipi op 72nd"]
[Site "Athens"]
[Date "2006.10.11"]
[Round "2"]
[White "Zambrakos, Efthimios"]
[Black "Khetsuriani, Besarion"]
[Result "0-1"]
[WhiteElo "2022"]
[BlackElo "2393"]
[PlyCount "104"]
[EventDate "2006.10.12"]
[EventType "swiss"]
[EventRounds "7"]
[EventCountry "GRE"]
[SourceTitle "EXT 2008"]
[Source "ChessBase"]
[SourceDate "2007.11.25"]
[SourceVersion "1"]
[SourceVersionDate "2007.11.25"]
[SourceQuality "1"]

1. c4 b6 2. d4 Bb7 3. Nc3 Nf6 4. f3 d5 5. cxd5 Nxd5 6. e4 Nxc3 7. bxc3 e5 8. Rb1 Bd6 9. Be3 0-0 10. Nh3 Nd7 11. Bc4 c6 12. 0-0 b5 13. Bd3 Qa5 14. Qb3 a6 15. f4 exd4 16. cxd4 c5 17. Qb2 cxd4 18. Bd2 Qa3 19. Qxa3 Bxa3 20. Bb4 Bxb4 21. Rxb4 Nc5 22. Rxd4 Rad8 23. Rxd8 Rxd8 24. Bc2 Bxe4 25. Bxe4 Nxe4 26. Re1 f5 27. Ra1 Rd2 28. a3 h6 29. Kh1 Kf7 30. g3 Kg6 31. Ng1 Nf2+ 32. Kg2 Ng4+ 33. Kf1 Ne3+ 34. Ke1 Rxh2 35. Rc1 Rc2 36. Rb1 Nc4 37. Ra1 Rc3 38. Ne2 Rxa3 39. Rc1 Ra2 40. Nd4 Kf6 41. Nc6 g5 42. Nb4 Ra4 43. Nd5+ Ke6 44. Nc3 Ra3 45. Ne2 Rd3 46. Ra1 a5 47. Rb1 b4 48. Rc1 Kd5 49. Kf2 a4 50. Rh1 b3 51. Rxh6 b2 52. Rh1 g4 0-1